[Event "Blitz 2018"]
[Site "Saint-Petersburg"]
[Date "2018.12.30"]
[Round "16"]
[Board "60"]
[White "Shirov Alexei (ESP)"]
[Black "Levin Evgeny A. (RUS)"]
[Result "0-1"]
[LiveChessVersion "1.4.8"]
[BlackElo "2539"]
[WhiteElo "2699"]

1. e4 {[%clk 0:03:03]} d5 {[%clk 0:03:03]} 2. exd5 {[%clk 0:03:04]} Qxd5
{[%clk 0:03:04]} 3. Nc3 {[%clk 0:03:05]} Qd8 {[%clk 0:03:05]} 4. d4
{[%clk 0:03:04]} c6 {[%clk 0:03:06]} 5. Bc4 {[%clk 0:03:03]} Bf5 {[%clk 0:03:07]}
6. Nge2 {[%clk 0:03:02]} e6 {[%clk 0:03:07]} 7. O-O {[%clk 0:02:56]} Nd7
{[%clk 0:03:08]} 8. Ng3 {[%clk 0:02:56]} Bg6 {[%clk 0:03:08]} 9. Nce4
{[%clk 0:02:51]} Be7 {[%clk 0:02:43]} 10. f4 {[%clk 0:02:50]} Nh6
{[%clk 0:02:41]} 11. Ng5 {[%clk 0:02:47]} O-O {[%clk 0:02:09]} 12. h4
{[%clk 0:02:48]} Nf6 {[%clk 0:01:30]} 13. c3 {[%clk 0:02:27]} Qd7
{[%clk 0:00:51]} 14. h5 {[%clk 0:02:03]} Bf5 {[%clk 0:00:52]} 15. Nxf5
{[%clk 0:02:03]} exf5 {[%clk 0:00:48]} 16. Nf3 {[%clk 0:01:54]} Ne4
{[%clk 0:00:33]} 17. Ne5 {[%clk 0:01:54]} Qc7 {[%clk 0:00:32]} 18. Qf3
{[%clk 0:01:44]} Bd6 {[%clk 0:00:29]} 19. g4 {[%clk 0:01:37]} Kh8
{[%clk 0:00:18]} 20. g5 {[%clk 0:01:28]} Ng8 {[%clk 0:00:19]} 21. g6
{[%clk 0:01:08]} Bxe5 {[%clk 0:00:13]} 22. fxe5 {[%clk 0:01:08]} fxg6
{[%clk 0:00:14]} 23. hxg6 {[%clk 0:01:09]} h6 {[%clk 0:00:14]} 24. Kg2
{[%clk 0:01:05]} c5 {[%clk 0:00:12]} 25. Bf7 {[%clk 0:00:22]} cxd4
{[%clk 0:00:12]} 26. Qxf5 {[%clk 0:00:22]} Qc6 {[%clk 0:00:12]} 27. Qf3
{[%clk 0:00:21]} dxc3 {[%clk 0:00:10]} 28. bxc3 {[%clk 0:00:22]} Ne7
{[%clk 0:00:05]} 29. e6 {[%clk 0:00:07]} Nxg6 {[%clk 0:00:04]} 30. Kh2
{[%clk 0:00:08]} Qd6+ {[%clk 0:00:04]} 31. Bf4 {[%clk 0:00:08]} Nxf4
{[%clk 0:00:05]} 32. Qxf4 {[%clk 0:00:09]} Qxf4+ {[%clk 0:00:06]} 33. Rxf4
{[%clk 0:00:10]} Ng5 {[%clk 0:00:07]} 34. Raf1 {[%clk 0:00:11]} Nxf7
{[%clk 0:00:07]} 35. Rxf7 {[%clk 0:00:10]} Rxf7 {[%clk 0:00:08]} 36. Rxf7
{[%clk 0:00:11]} Re8 {[%clk 0:00:09]} 37. Rxb7 {[%clk 0:00:11]} Rxe6
{[%clk 0:00:10]} 38. Rxa7 {[%clk 0:00:12]} Re2+ {[%clk 0:00:11]} 39. Kg3
{[%clk 0:00:10]} Re3+ {[%clk 0:00:12]} 40. Kg4 {[%clk 0:00:11]} Rxc3
{[%clk 0:00:13]} 41. a4 {[%clk 0:00:12]} Kh7 {[%clk 0:00:14]} 42. a5
{[%clk 0:00:12]} Ra3 {[%clk 0:00:15]} 43. Ra6 {[%clk 0:00:11]} Ra1
{[%clk 0:00:15]} 44. Kg3 {[%clk 0:00:10]} Ra4 {[%clk 0:00:15]} 45. Kh3
{[%clk 0:00:10]} h5 {[%clk 0:00:15]} 46. Kg3 {[%clk 0:00:11]} g6 {[%clk 0:00:16]}
47. Ra8 {[%clk 0:00:12]} g5 {[%clk 0:00:12]} 48. Ra6 {[%clk 0:00:11]} Ra3+
{[%clk 0:00:13]} 49. Kg2 {[%clk 0:00:11]} h4 {[%clk 0:00:14]} 50. Kh2
{[%clk 0:00:09]} g4 {[%clk 0:00:14]} 51. Rc6 {[%clk 0:00:10]} Rxa5
{[%clk 0:00:07]} 52. Rc4 {[%clk 0:00:11]} Rg5 {[%clk 0:00:08]} 53. Rc6
{[%clk 0:00:10]} Rg6 {[%clk 0:00:08]} 54. Rc5 {[%clk 0:00:11]} Kh6
{[%clk 0:00:09]} 0-1

[Event "Blitz 2018"]
[Site "Saint-Petersburg"]
[Date "2018.12.30"]
[Round "16"]
[Board "61"]
[White "Zvjaginsev Vadim (RUS)"]
[Black "Vastrukhin Oleg (RUS)"]
[Result "1/2-1/2"]
[LiveChessVersion "1.4.8"]
[BlackElo "2488"]
[WhiteElo "2649"]

1. e4 {[%clk 0:03:03]} e6 {[%clk 0:03:03]} 2. Qe2 {[%clk 0:03:02]} Be7
{[%clk 0:03:02]} 3. Nf3 {[%clk 0:03:01]} d5 {[%clk 0:03:02]} 4. d3
{[%clk 0:03:02]} Nf6 {[%clk 0:03:03]} 5. g3 {[%clk 0:03:03]} b6 {[%clk 0:03:04]}
6. Bg2 {[%clk 0:02:59]} Bb7 {[%clk 0:03:05]} 7. exd5 {[%clk 0:02:48]} Bxd5
{[%clk 0:02:38]} 8. Nc3 {[%clk 0:02:45]} Bb7 {[%clk 0:02:39]} 9. O-O
{[%clk 0:02:43]} O-O {[%clk 0:02:39]} 10. Ne5 {[%clk 0:02:35]} Bxg2
{[%clk 0:02:38]} 11. Kxg2 {[%clk 0:02:36]} Bd6 {[%clk 0:02:19]} 12. Qf3
{[%clk 0:02:11]} Nbd7 {[%clk 0:01:43]} 13. Nc6 {[%clk 0:02:06]} Qe8
{[%clk 0:01:36]} 14. Re1 {[%clk 0:02:03]} a6 {[%clk 0:01:29]} 15. a4
{[%clk 0:01:57]} Rc8 {[%clk 0:01:28]} 16. d4 {[%clk 0:01:48]} Nb8
{[%clk 0:01:23]} 17. Nxb8 {[%clk 0:01:45]} Rxb8 {[%clk 0:01:24]} 18. Bg5
{[%clk 0:01:44]} Be7 {[%clk 0:01:18]} 19. Rad1 {[%clk 0:01:35]} h6
{[%clk 0:01:11]} 20. Bxf6 {[%clk 0:01:21]} Bxf6 {[%clk 0:01:12]} 21. d5
{[%clk 0:01:22]} Bxc3 {[%clk 0:01:00]} 22. Qxc3 {[%clk 0:01:20]} Rd8
{[%clk 0:00:52]} 23. Qxc7 {[%clk 0:01:14]} Qxa4 {[%clk 0:00:51]} 24. d6
{[%clk 0:01:02]} Rd7 {[%clk 0:00:47]} 25. Qxb6 {[%clk 0:00:59]} Qxc2
{[%clk 0:00:45]} 26. Rd4 {[%clk 0:00:54]} Rc8 {[%clk 0:00:41]} 27. Red1
{[%clk 0:00:54]} Qc6+ {[%clk 0:00:41]} 28. Qxc6 {[%clk 0:00:52]} Rxc6
{[%clk 0:00:42]} 29. b4 {[%clk 0:00:51]} e5 {[%clk 0:00:40]} 30. Rd5
{[%clk 0:00:49]} f6 {[%clk 0:00:41]} 31. f4 {[%clk 0:00:50]} exf4
{[%clk 0:00:41]} 32. gxf4 {[%clk 0:00:51]} g6 {[%clk 0:00:42]} 33. h4
{[%clk 0:00:44]} Kf7 {[%clk 0:00:43]} 34. h5 {[%clk 0:00:40]} Rc4
{[%clk 0:00:35]} 35. Rc5 {[%clk 0:00:29]} Rxf4 {[%clk 0:00:28]} 36. Rc7
{[%clk 0:00:26]} Ke6 {[%clk 0:00:25]} 37. hxg6 {[%clk 0:00:19]} Rg4+
{[%clk 0:00:25]} 38. Kf3 {[%clk 0:00:17]} Rxg6 {[%clk 0:00:27]} 39. Rc6
{[%clk 0:00:12]} Rg5 {[%clk 0:00:26]} 40. Rxa6 {[%clk 0:00:13]} Rd5
{[%clk 0:00:24]} 41. Re1+ {[%clk 0:00:12]} Kf5 {[%clk 0:00:24]} 42. Rh1
{[%clk 0:00:11]} R7xd6 {[%clk 0:00:22]} 43. Rxd6 {[%clk 0:00:11]} Rxd6
{[%clk 0:00:23]} 44. Rxh6 {[%clk 0:00:11]} Rd3+ {[%clk 0:00:24]} 45. Kf2
{[%clk 0:00:12]} Rb3 {[%clk 0:00:25]} 46. Rh4 {[%clk 0:00:13]} Ke5 1/2-1/2

[Event "Blitz 2018"]
[Site "Saint-Petersburg"]
[Date "2018.12.30"]
[Round "16"]
[Board "62"]
[White "Piorun Kacper (POL)"]
[Black "Mikhalevski Victor (ISR)"]
[Result "0-1"]
[LiveChessVersion "1.4.8"]
[BlackElo "2521"]
[WhiteElo "2646"]

1. f4 {[%clk 0:03:03]} d5 {[%clk 0:03:01]} 2. Nf3 {[%clk 0:03:04]} g6
{[%clk 0:03:01]} 3. g3 {[%clk 0:03:05]} Bg7 4. Bg2 Nf6 {[%clk 0:03:01]} 5. O-O
{[%clk 0:03:08]} b6 {[%clk 0:03:01]} 6. d3 {[%clk 0:03:06]} Bb7 {[%clk 0:03:01]}
7. c4 {[%clk 0:03:04]} dxc4 {[%clk 0:02:57]} 8. Qa4+ {[%clk 0:03:06]} Nbd7
{[%clk 0:02:56]} 9. Qxc4 {[%clk 0:03:06]} O-O {[%clk 0:02:53]} 10. Nc3
{[%clk 0:03:05]} a5 {[%clk 0:02:40]} 11. a3 {[%clk 0:03:01]} Nc5 {[%clk 0:02:38]}
12. Ne5 {[%clk 0:02:34]} Bxg2 {[%clk 0:02:34]} 13. Kxg2 {[%clk 0:02:35]} Ne8
{[%clk 0:01:52]} 14. Be3 {[%clk 0:02:27]} Nd6 {[%clk 0:01:52]} 15. Qd5
{[%clk 0:02:11]} e6 {[%clk 0:01:51]} 16. Qf3 {[%clk 0:02:11]} Nb3
{[%clk 0:01:47]} 17. Rad1 {[%clk 0:02:12]} Nf5 {[%clk 0:01:48]} 18. Bg1
{[%clk 0:02:08]} Nfd4 {[%clk 0:01:44]} 19. Qf2 {[%clk 0:01:47]} b5
{[%clk 0:01:30]} 20. e3 {[%clk 0:01:45]} Nf5 {[%clk 0:01:31]} 21. d4
{[%clk 0:01:15]} b4 {[%clk 0:01:29]} 22. axb4 {[%clk 0:01:01]} axb4
{[%clk 0:01:30]} 23. Ne4 {[%clk 0:00:53]} Ra2 {[%clk 0:01:24]} 24. Nd3
{[%clk 0:00:52]} Qd5 {[%clk 0:01:18]} 25. Qf3 {[%clk 0:00:53]} Qb5
{[%clk 0:01:11]} 26. Kh1 {[%clk 0:00:52]} Rd8 {[%clk 0:01:10]} 27. g4
{[%clk 0:00:43]} Nh4 {[%clk 0:01:05]} 28. Qg3 {[%clk 0:00:19]} Qd5
{[%clk 0:01:05]} 29. Ndf2 Rxb2 {[%clk 0:00:59]} 30. Qxh4 {[%clk 0:00:16]} Nd2
{[%clk 0:00:50]} 31. Rxd2 {[%clk 0:00:04]} Rxd2 {[%clk 0:00:51]} 32. h3
{[%clk 0:00:03]} Rxf2 {[%clk 0:00:47]} 33. Bxf2 {[%clk 0:00:04]} Qxe4+ 34. Kh2
Ra8 {[%clk 0:00:47]} 35. Qe7 {[%clk 0:00:05]} b3 {[%clk 0:00:44]} 36. Qxc7
{[%clk 0:00:06]} b2 {[%clk 0:00:44]} 37. Qb6 {[%clk 0:00:07]} Qc2
{[%clk 0:00:42]} 38. Kg2 {[%clk 0:00:05]} Ra1 {[%clk 0:00:42]} 39. Qb8+
{[%clk 0:00:05]} Bf8 {[%clk 0:00:43]} 0-1

[Event "Blitz 2018"]
[Site "Saint-Petersburg"]
[Date "2018.12.30"]
[Round "16"]
[Board "63"]
[White "Christiansen Johan-Sebastian (NOR)"]
[Black "Belozerov Andrei (RUS)"]
[Result "1/2-1/2"]
[LiveChessVersion "1.4.8"]
[BlackElo "2518"]
[WhiteElo "2635"]

1. e4 {[%clk 0:03:03]} c6 {[%clk 0:03:04]} 2. d4 {[%clk 0:03:03]} d5
{[%clk 0:03:05]} 3. exd5 {[%clk 0:02:50]} cxd5 {[%clk 0:03:06]} 4. Nf3
{[%clk 0:02:52]} Nc6 {[%clk 0:03:03]} 5. Ne5 {[%clk 0:02:53]} e6 {[%clk 0:03:02]}
6. Bb5 {[%clk 0:02:52]} Bd7 {[%clk 0:03:03]} 7. Nxd7 {[%clk 0:02:51]} Qxd7
{[%clk 0:03:04]} 8. O-O {[%clk 0:02:51]} Nf6 {[%clk 0:03:04]} 9. c3
{[%clk 0:02:52]} Bd6 {[%clk 0:03:03]} 10. Nd2 {[%clk 0:02:53]} O-O
{[%clk 0:02:53]} 11. Nf3 {[%clk 0:02:54]} Qc7 {[%clk 0:02:48]} 12. Re1
{[%clk 0:02:47]} Ne4 {[%clk 0:02:44]} 13. Bd3 {[%clk 0:02:38]} f5
{[%clk 0:02:45]} 14. g3 {[%clk 0:02:25]} Rae8 {[%clk 0:02:39]} 15. Nh4
{[%clk 0:02:25]} Kh8 {[%clk 0:02:14]} 16. Ng2 {[%clk 0:02:25]} e5
{[%clk 0:02:10]} 17. dxe5 {[%clk 0:02:16]} Bc5 {[%clk 0:01:54]} 18. Be3
{[%clk 0:02:03]} Nxe5 {[%clk 0:01:54]} 19. Be2 {[%clk 0:01:52]} Ng4
{[%clk 0:01:44]} 20. Bxg4 {[%clk 0:00:43]} fxg4 {[%clk 0:01:44]} 21. Qxg4
{[%clk 0:00:04]} Nxf2 {[%clk 0:01:42]} 22. Qh5 {[%clk 0:00:06]} Re5
{[%clk 0:01:29]} 23. Qh4 {[%clk 0:00:03]} Nd3 24. Rf1 Rfe8 {[%clk 0:01:03]} 25.
Bd4 {[%clk 0:00:06]} Nxb2 {[%clk 0:01:00]} 26. Kh1 {[%clk 0:00:07]} Re4
{[%clk 0:00:56]} 27. Qh5 {[%clk 0:00:08]} Bxd4 {[%clk 0:00:53]} 28. cxd4
{[%clk 0:00:09]} Nc4 {[%clk 0:00:27]} 29. Qxd5 {[%clk 0:00:10]} Qc6
{[%clk 0:00:23]} 30. Qf5 {[%clk 0:00:09]} g6 {[%clk 0:00:18]} 31. d5
{[%clk 0:00:08]} gxf5 32. dxc6 bxc6 {[%clk 0:00:17]} 33. Rxf5 {[%clk 0:00:11]}
Ne3 {[%clk 0:00:16]} 34. Rf2 {[%clk 0:00:07]} Nxg2 {[%clk 0:00:14]} 35. Kxg2
{[%clk 0:00:08]} Re2 {[%clk 0:00:14]} 36. Rc1 {[%clk 0:00:10]} Rxf2+
{[%clk 0:00:13]} 37. Kxf2 Rb8 38. Rxc6 {[%clk 0:00:05]} Rb2+ {[%clk 0:00:16]} 39.
Kf3 {[%clk 0:00:07]} Rxa2 {[%clk 0:00:16]} 40. h4 {[%clk 0:00:08]} Kg7
{[%clk 0:00:16]} 41. g4 {[%clk 0:00:06]} h6 {[%clk 0:00:17]} 42. Rc7+
{[%clk 0:00:07]} Kg6 {[%clk 0:00:15]} 43. Rc6+ {[%clk 0:00:07]} Kg7 44. h5 Ra3+
{[%clk 0:00:18]} 45. Kf4 {[%clk 0:00:09]} Ra4+ {[%clk 0:00:19]} 46. Kf5
{[%clk 0:00:08]} Ra5+ {[%clk 0:00:20]} 47. Ke6 {[%clk 0:00:08]} Rg5
{[%clk 0:00:21]} 48. Rc7+ {[%clk 0:00:08]} Kg8 {[%clk 0:00:22]} 49. Rc8+
{[%clk 0:00:06]} Kg7 50. Rc7+ Kg8 {[%clk 0:00:25]} 51. Rc4 {[%clk 0:00:07]} a5
{[%clk 0:00:25]} 52. Kf6 {[%clk 0:00:09]} Kh7 {[%clk 0:00:26]} 53. Rc7+
{[%clk 0:00:08]} Kh8 {[%clk 0:00:27]} 54. Rc8+ {[%clk 0:00:09]} Kh7
{[%clk 0:00:28]} 55. Rc4 {[%clk 0:00:10]} Kg8 {[%clk 0:00:29]} 56. Rf4
{[%clk 0:00:09]} Kh7 {[%clk 0:00:30]} 57. Ke6 {[%clk 0:00:09]} Kg8
{[%clk 0:00:31]} 58. Ke7 {[%clk 0:00:09]} Kg7 {[%clk 0:00:32]} 59. Rf7+
{[%clk 0:00:10]} Kg8 {[%clk 0:00:34]} 60. Rf4 Kg7 61. Re4 {[%clk 0:00:10]} Kg8
{[%clk 0:00:36]} 62. Kf6 Kh7 63. Kf7 {[%clk 0:00:10]} Kh8 {[%clk 0:00:38]} 64.
Re6 {[%clk 0:00:08]} Kh7 {[%clk 0:00:38]} 65. Rg6 {[%clk 0:00:07]} a4
{[%clk 0:00:37]} 66. Ra6 {[%clk 0:00:04]} Rxg4 {[%clk 0:00:36]} 67. Kf6
{[%clk 0:00:04]} Rf4+ {[%clk 0:00:30]} 68. Ke5 {[%clk 0:00:05]} Rh4
{[%clk 0:00:30]} 69. Kf6 {[%clk 0:00:06]} Rf4+ 70. Ke5 Rb4 {[%clk 0:00:25]} 71.
Ra7+ {[%clk 0:00:09]} Kg8 {[%clk 0:00:25]} 72. Kf6 {[%clk 0:00:10]} Rg4
{[%clk 0:00:24]} 73. Ra8+ {[%clk 0:00:11]} Kh7 74. Ra7+ Kh8 {[%clk 0:00:26]} 75.
Ra8+ {[%clk 0:00:14]} Kh7 {[%clk 0:00:27]} 76. Ra7+ {[%clk 0:00:15]} Kh8
{[%clk 0:00:26]} 77. Ra8+ {[%clk 0:00:16]} Kh7 {[%clk 0:00:27]} 78. Ra7+
{[%clk 0:00:17]} 1/2-1/2

[Event "Blitz 2018"]
[Site "Saint-Petersburg"]
[Date "2018.12.30"]
[Round "16"]
[Board "64"]
[White "Anisimov Pavel (RUS)"]
[Black "Gasanov Eldar (UKR)"]
[Result "0-1"]
[LiveChessVersion "1.4.8"]
[BlackElo "2581"]
[WhiteElo "2519"]

1. d4 {[%clk 0:03:02]} e6 {[%clk 0:03:01]} 2. Nf3 {[%clk 0:02:59]} f5
{[%clk 0:02:57]} 3. Bf4 {[%clk 0:02:50]} Nf6 {[%clk 0:02:56]} 4. h3
{[%clk 0:02:48]} b6 {[%clk 0:02:50]} 5. e3 {[%clk 0:02:49]} Bb7 {[%clk 0:02:50]}
6. Bd3 {[%clk 0:02:41]} g6 {[%clk 0:02:43]} 7. Nbd2 {[%clk 0:02:39]} Bg7
{[%clk 0:02:42]} 8. Qe2 {[%clk 0:02:39]} O-O {[%clk 0:02:38]} 9. Bh2
{[%clk 0:02:39]} Nc6 {[%clk 0:02:33]} 10. c3 {[%clk 0:02:40]} Ne7
{[%clk 0:02:22]} 11. e4 {[%clk 0:02:34]} fxe4 {[%clk 0:02:18]} 12. Nxe4
{[%clk 0:02:35]} Nfd5 {[%clk 0:02:11]} 13. Qd2 {[%clk 0:02:29]} Nf5
{[%clk 0:02:04]} 14. Ne5 {[%clk 0:02:04]} d6 {[%clk 0:01:41]} 15. Nf3
{[%clk 0:02:05]} Nh4 {[%clk 0:01:28]} 16. Nxh4 {[%clk 0:02:02]} Qxh4
{[%clk 0:01:29]} 17. Bg3 {[%clk 0:02:03]} Qe7 {[%clk 0:01:26]} 18. O-O-O
{[%clk 0:02:01]} e5 {[%clk 0:01:07]} 19. dxe5 {[%clk 0:01:58]} dxe5
{[%clk 0:01:08]} 20. Bc4 {[%clk 0:01:52]} Rad8 {[%clk 0:01:00]} 21. Qg5
{[%clk 0:01:51]} Qe8 {[%clk 0:00:38]} 22. h4 {[%clk 0:01:44]} h6 {[%clk 0:00:39]}
23. Qg4 {[%clk 0:01:37]} Kh8 {[%clk 0:00:35]} 24. h5 {[%clk 0:01:27]} Nf4
{[%clk 0:00:29]} 25. f3 {[%clk 0:00:28]} gxh5 {[%clk 0:00:15]} 26. Qh4
{[%clk 0:00:28]} Rxd1+ {[%clk 0:00:13]} 27. Rxd1 {[%clk 0:00:29]} Nxg2
{[%clk 0:00:14]} 28. Qh2 {[%clk 0:00:27]} Ne3 {[%clk 0:00:15]} 29. Nd2
{[%clk 0:00:13]} Nxd1 {[%clk 0:00:14]} 30. Kxd1 {[%clk 0:00:14]} Bxf3+
{[%clk 0:00:11]} 31. Nxf3 {[%clk 0:00:13]} Rxf3 {[%clk 0:00:12]} 32. Be2
{[%clk 0:00:11]} Rf5 {[%clk 0:00:12]} 33. Kc2 {[%clk 0:00:09]} e4
{[%clk 0:00:11]} 34. Bxc7 {[%clk 0:00:09]} e3 {[%clk 0:00:12]} 35. Kb3
{[%clk 0:00:05]} Qf7+ {[%clk 0:00:10]} 36. Bc4 {[%clk 0:00:06]} Rb5+
{[%clk 0:00:11]} 37. Kc2 {[%clk 0:00:05]} Qxc4 {[%clk 0:00:11]} 38. Qd6
{[%clk 0:00:05]} Qe2+ {[%clk 0:00:11]} 39. Kc1 {[%clk 0:00:07]} Qxb2+
{[%clk 0:00:12]} 40. Kd1 {[%clk 0:00:08]} e2+ {[%clk 0:00:13]} 41. Ke1
{[%clk 0:00:10]} Bxc3+ {[%clk 0:00:13]} 0-1

[Event "Blitz 2018"]
[Site "Saint-Petersburg"]
[Date "2018.12.30"]
[Round "16"]
[Board "65"]
[White "Sokolov Andrei (LAT)"]
[Black "Gabrielian Artur (RUS)"]
[Result "1/2-1/2"]
[LiveChessVersion "1.4.8"]
[BlackElo "2562"]
[WhiteElo "2507"]

1. d4 {[%clk 0:03:03]} Nf6 {[%clk 0:03:03]} 2. c4 {[%clk 0:03:05]} c5
{[%clk 0:03:04]} 3. Nf3 {[%clk 0:03:06]} cxd4 {[%clk 0:03:05]} 4. Nxd4
{[%clk 0:03:07]} Nc6 {[%clk 0:03:05]} 5. Nc3 {[%clk 0:03:06]} e6 {[%clk 0:03:07]}
6. a3 {[%clk 0:03:04]} Be7 {[%clk 0:02:42]} 7. e4 {[%clk 0:02:59]} Qa5
{[%clk 0:02:43]} 8. Nb3 {[%clk 0:02:35]} Qh5 {[%clk 0:02:44]} 9. Qxh5
{[%clk 0:02:33]} Nxh5 {[%clk 0:02:46]} 10. Be2 {[%clk 0:02:30]} Nf6
{[%clk 0:02:47]} 11. Be3 {[%clk 0:02:31]} b6 {[%clk 0:02:41]} 12. f3
{[%clk 0:02:31]} Ba6 {[%clk 0:02:34]} 13. c5 {[%clk 0:02:15]} Bxe2
{[%clk 0:02:34]} 14. Kxe2 {[%clk 0:02:16]} bxc5 {[%clk 0:02:31]} 15. Nxc5
{[%clk 0:02:16]} O-O {[%clk 0:02:02]} 16. b4 {[%clk 0:02:12]} d5 {[%clk 0:01:50]}
17. Rhd1 {[%clk 0:01:57]} Rfd8 {[%clk 0:01:49]} 18. exd5 {[%clk 0:01:58]} exd5
{[%clk 0:01:44]} 19. Nb5 {[%clk 0:01:30]} a5 {[%clk 0:01:18]} 20. Nd4
{[%clk 0:01:19]} Nxd4+ {[%clk 0:01:08]} 21. Bxd4 {[%clk 0:01:19]} axb4
{[%clk 0:01:05]} 22. axb4 {[%clk 0:01:20]} Rab8 {[%clk 0:01:04]} 23. Rdb1
{[%clk 0:01:11]} Bd6 {[%clk 0:00:59]} 24. g3 {[%clk 0:01:04]} Ne8
{[%clk 0:00:47]} 25. b5 {[%clk 0:00:57]} Nc7 {[%clk 0:00:38]} 26. b6
{[%clk 0:00:56]} Re8+ {[%clk 0:00:29]} 27. Kd3 {[%clk 0:00:53]} Ne6
{[%clk 0:00:26]} 28. Nxe6 {[%clk 0:00:53]} fxe6 {[%clk 0:00:27]} 29. Ra7
{[%clk 0:00:51]} e5 {[%clk 0:00:28]} 30. Bf2 {[%clk 0:00:45]} e4+
{[%clk 0:00:28]} 31. fxe4 {[%clk 0:00:42]} dxe4+ {[%clk 0:00:30]} 32. Ke2
{[%clk 0:00:40]} e3 {[%clk 0:00:31]} 33. Be1 {[%clk 0:00:36]} Be5
{[%clk 0:00:21]} 34. b7 {[%clk 0:00:34]} Re7 {[%clk 0:00:13]} 35. Ra8
{[%clk 0:00:33]} Rexb7 {[%clk 0:00:12]} 36. Rxb8+ {[%clk 0:00:25]} Rxb8
{[%clk 0:00:13]} 37. Rxb8+ {[%clk 0:00:26]} Bxb8 {[%clk 0:00:15]} 38. Kxe3
{[%clk 0:00:27]} h5 {[%clk 0:00:14]} 39. Kf3 {[%clk 0:00:26]} Kf7
{[%clk 0:00:15]} 40. h3 {[%clk 0:00:28]} Ke6 {[%clk 0:00:16]} 41. g4
{[%clk 0:00:29]} Ke5 42. Ke4+ 1/2-1/2

[Event "Blitz 2018"]
[Site "Saint-Petersburg"]
[Date "2018.12.30"]
[Round "16"]
[Board "66"]
[White "Dzhumagaliev Yan (RUS)"]
[Black "Demidov Mikhail (RUS)"]
[Result "1-0"]
[LiveChessVersion "1.4.8"]
[BlackElo "2546"]
[WhiteElo "2489"]

1. d4 {[%clk 0:03:03]} d5 {[%clk 0:03:03]} 2. c4 {[%clk 0:03:04]} c6
{[%clk 0:03:05]} 3. Nf3 {[%clk 0:03:05]} Nf6 {[%clk 0:03:06]} 4. e3
{[%clk 0:03:06]} Bf5 {[%clk 0:03:06]} 5. Nc3 {[%clk 0:03:08]} e6 {[%clk 0:03:08]}
6. Nh4 {[%clk 0:03:09]} Be4 {[%clk 0:03:08]} 7. f3 {[%clk 0:03:09]} Bg6
{[%clk 0:03:10]} 8. Qb3 Qc7 9. Bd2 {[%clk 0:03:10]} a6 {[%clk 0:03:12]} 10. Nxg6
{[%clk 0:02:58]} hxg6 {[%clk 0:03:13]} 11. O-O-O {[%clk 0:02:55]} Nbd7
{[%clk 0:03:12]} 12. cxd5 {[%clk 0:02:55]} cxd5 {[%clk 0:03:12]} 13. Kb1
{[%clk 0:02:44]} Qb6 {[%clk 0:03:10]} 14. Qa4 {[%clk 0:02:14]} Qa7
{[%clk 0:03:07]} 15. h4 {[%clk 0:02:12]} Be7 {[%clk 0:02:49]} 16. g4
{[%clk 0:02:11]} b5 {[%clk 0:02:46]} 17. Qb3 {[%clk 0:02:13]} Nb6
{[%clk 0:02:47]} 18. Ne2 {[%clk 0:01:55]} Nc4 {[%clk 0:02:46]} 19. Nf4
{[%clk 0:01:55]} g5 {[%clk 0:02:19]} 20. Nh5 {[%clk 0:01:51]} gxh4
{[%clk 0:02:09]} 21. Nxg7+ {[%clk 0:01:47]} Kf8 {[%clk 0:02:10]} 22. Nh5
{[%clk 0:01:46]} Nxh5 {[%clk 0:02:09]} 23. gxh5 {[%clk 0:01:47]} Rxh5
{[%clk 0:02:09]} 24. Bc1 {[%clk 0:01:38]} Qc7 {[%clk 0:02:07]} 25. e4
{[%clk 0:01:31]} Rc8 {[%clk 0:01:49]} 26. e5 {[%clk 0:01:31]} a5 {[%clk 0:01:49]}
1-0

[Event "Blitz 2018"]
[Site "Saint-Petersburg"]
[Date "2018.12.30"]
[Round "16"]
[Board "67"]
[White "Tsoi Dmitry (RUS)"]
[Black "Potapov Pavel (RUS)"]
[Result "1/2-1/2"]
[LiveChessVersion "1.4.8"]
[BlackElo "2542"]
[WhiteElo "2387"]

1. e4 {[%clk 0:03:03]} c5 {[%clk 0:03:03]} 2. Be2 {[%clk 0:03:04]} Nc6
{[%clk 0:03:05]} 3. f4 {[%clk 0:03:05]} e6 {[%clk 0:03:04]} 4. Nf3
{[%clk 0:03:06]} b6 {[%clk 0:03:01]} 5. O-O {[%clk 0:03:05]} Bb7 {[%clk 0:03:02]}
6. d3 {[%clk 0:03:05]} Qc7 {[%clk 0:03:02]} 7. c3 {[%clk 0:03:01]} Nf6
{[%clk 0:02:57]} 8. a4 {[%clk 0:02:55]} d5 {[%clk 0:02:48]} 9. e5
{[%clk 0:02:47]} Nd7 {[%clk 0:02:42]} 10. Na3 {[%clk 0:02:47]} a6
{[%clk 0:02:41]} 11. Qe1 {[%clk 0:02:41]} Ne7 {[%clk 0:02:38]} 12. Nc2
{[%clk 0:02:40]} Nf5 {[%clk 0:02:33]} 13. g4 {[%clk 0:02:40]} Ne7
{[%clk 0:02:31]} 14. Qg3 {[%clk 0:02:40]} h5 {[%clk 0:02:28]} 15. h3
{[%clk 0:02:41]} d4 {[%clk 0:02:14]} 16. c4 {[%clk 0:02:37]} Nc6 {[%clk 0:02:08]}
17. Bd2 {[%clk 0:02:22]} g6 {[%clk 0:02:03]} 18. Ng5 {[%clk 0:02:19]} Be7
{[%clk 0:01:54]} 19. Ne4 {[%clk 0:02:16]} O-O-O {[%clk 0:01:43]} 20. a5
{[%clk 0:02:16]} Nxa5 {[%clk 0:01:35]} 21. Rxa5 {[%clk 0:02:00]} bxa5
{[%clk 0:01:34]} 22. Bf3 {[%clk 0:02:01]} Nb8 {[%clk 0:01:22]} 23. Qg2
{[%clk 0:01:33]} Nc6 {[%clk 0:01:15]} 24. g5 {[%clk 0:01:11]} Nb4
{[%clk 0:01:13]} 25. Bxb4 {[%clk 0:01:08]} axb4 {[%clk 0:01:13]} 26. Na1
{[%clk 0:00:58]} a5 {[%clk 0:01:02]} 27. Bd1 {[%clk 0:00:12]} Bc6
{[%clk 0:01:00]} 28. Re1 {[%clk 0:00:07]} a4 {[%clk 0:00:59]} 29. b3
{[%clk 0:00:05]} a3 {[%clk 0:00:47]} 30. Qa2 {[%clk 0:00:05]} Kb7
{[%clk 0:00:39]} 31. Bf3 {[%clk 0:00:06]} Kb6 {[%clk 0:00:40]} 32. Nc2
{[%clk 0:00:07]} h4 {[%clk 0:00:37]} 33. Re2 {[%clk 0:00:08]} Rdf8
{[%clk 0:00:34]} 34. Ne1 {[%clk 0:00:08]} Bb7 {[%clk 0:00:27]} 35. Rg2
{[%clk 0:00:09]} Bc6 {[%clk 0:00:23]} 36. Re2 {[%clk 0:00:07]} Ra8
{[%clk 0:00:22]} 37. Rg2 {[%clk 0:00:08]} Rhg8 {[%clk 0:00:22]} 38. Rg4
{[%clk 0:00:09]} Raf8 {[%clk 0:00:20]} 39. Rg2 {[%clk 0:00:11]} Rh8
{[%clk 0:00:15]} 40. Rg4 {[%clk 0:00:12]} Bb7 {[%clk 0:00:16]} 41. Rg2
{[%clk 0:00:13]} Bc6 {[%clk 0:00:13]} 42. Rg4 {[%clk 0:00:14]} Qd8
{[%clk 0:00:13]} 43. Rg2 {[%clk 0:00:15]} Rh7 {[%clk 0:00:12]} 44. Nd2
{[%clk 0:00:15]} Bxf3 {[%clk 0:00:11]} 45. Nexf3 {[%clk 0:00:16]} Rhh8
{[%clk 0:00:10]} 46. Ne4 {[%clk 0:00:17]} Qc7 {[%clk 0:00:10]} 47. Rg4
{[%clk 0:00:18]} Qc6 {[%clk 0:00:10]} 1/2-1/2